Normal view
MARC view
- Shaukat Mahmood
Entry Personal Name
001 - CONTROL NUMBER
- control field: 35229
003 - CONTROL NUMBER IDENTIFIER
- control field: NUST
005 - DATE AND TIME OF LATEST TRANSACTION
- control field: 20201112153011.0
008 - FIXED-LENGTH DATA ELEMENTS
- fixed length control field: 201112|| aca||aabn | a|a d
040 ## - CATALOGING SOURCE
- Original cataloging agency: NUST
- Transcribing agency: NUST
100 ## - HEADING--PERSONAL NAME
- Personal name: Shaukat Mahmood
670 ## - SOURCE DATA FOUND
- Source citation: Work cat.: (NUST): Shaukat Mahmood, The Penal Code (XLV of 1860) Vol.1, 2015
